KOHA-Header-6

Hand Book Of Mercantile Law Bare Acts (Record no. 5918)

000 -LEADER
fixed length control field 00279nam a2200109Ia 4500
008 - FIXED-LENGTH DATA ELEMENTS--GENERAL INFORMATION
fixed length control field 190906s9999||||xx |||||||||||||| ||und||
100 ## - MAIN ENTRY--PERSONAL NAME
Personal name Tariq Javed
245 #0 - TITLE STATEMENT
Title Hand Book Of Mercantile Law Bare Acts
260 ## - PUBLICATION, DISTRIBUTION, ETC. (IMPRINT)
Place of publication, distribution, etc Karachi
Name of publisher, distributor, etc Babar Publications
Date of publication, distribution, etc 2000
300 ## - PHYSICAL DESCRIPTION
Extent 291
942 ## - ADDED ENTRY ELEMENTS (KOHA)
Koha item type Books
Holdings
Withdrawn status Lost status Damaged status Not for loan Collection code Permanent Location Current Location Shelving location Date acquired Full call number Barcode Date last seen Price effective from Koha item type
        Law MAJU MAJU Shelf No.A46 2019-09-06 346.549 996 2019-09-06 2019-09-06 Law

Powered by Koha